Normal view
MARC view
Entry Topical Term
001 - CONTROL NUMBER
- control field: 9976
003 - CONTROL NUMBER IDENTIFIER
- control field: OSt
005 - DATE AND TIME OF LATEST TRANSACTION
- control field: 20230524122252.0
008 - FIXED-LENGTH DATA ELEMENTS
- fixed length control field: 230524|| aca||aabn | a|a d
040 ## - CATALOGING SOURCE
- Original cataloging agency: OSt
- Transcribing agency: OSt
150 ## - HEADING--TOPICAL TERM
- Topical term or geographic name entry element: 1. Enrollment---education---primary schools---Meru County
670 ## - SOURCE DATA FOUND
- Source citation: Work cat.: (OSt)12473: Ruteere, Mary Kirumba 7463, Factors affecting boy-child participation in education in public day secondary schools: A case of Mitunguu division of Imenti south sub-county in Meru county, Kenya, 2015
